000 01437nam0a22003251 4500
001 rc\2294978
005 20250623072536.0
035 _a(NLR Aleph) 006666022
090 _a4943203
_c4943203
100 _a20110829d1977 |||y0rusy50 ca
101 0 _arus
102 _aRU
105 _aab z |||||
200 1 _aНефтяная геология и ресурсы Ближнего и Среднего Востока
_fЗ.Р. Бейдун, Г.В. Даннингтон
_gПер. с англ. В.И. Высоцкого и Н.П. Голенковой
_gПод ред. канд. геол.-минер. наук В.И. Высоцкого
210 _aМосква
_cНедра
_d1977
215 _a135 с.
_cил., карт.
_d21
300 _aПеревод изд.: The petroleum geology and resources of the Middle East / By Z.R. Beydoun, H.Y. Dunnington. C Sci. press, 1975
320 _aСписки лит.: с. 120-123 и с. 130
320 _aПредм. указ.: с. 131-134
606 _aНефтяные месторождения
_yСредний Восток
_2rkp
606 _aНефтяные месторождения
_yБлижний Восток
_2rkp
700 1 _aБейдун
_bЗ.Р.
701 1 _aДаннингтон
_bГ.В.
801 0 _aRU
_bNLR
_gpsbo
801 1 _aRU
_bELAR
_2rusmarc
852 _aNLR
_j78-5/602
899 _aRuMoRGB
_jБ 78-8/15
899 _aRuMoRGB
_jБ 78-8/16
942 _cBOOK
980 _aNB